| 000 | 01550nam a2200361 c 4500 | ||
|---|---|---|---|
| 999 |
_c70566 _d70566 |
||
| 003 | BLK | ||
| 005 | 20190817112609.0 | ||
| 008 | 180408b bul|||||r ||||||| ||bul|| | ||
| 010 | _aKNG00074926000 | ||
| 020 | _a954-625-364-2 | ||
| 040 | _aBLK | ||
| 041 |
_aBUL _cBUL |
||
| 080 |
_aНемска литература _b821.112.2 _x-93-32 _z821.112.2-93-32 |
||
| 100 | 1 |
_aБрецина, Томас _eпърви автор _943277 |
|
| 139 |
_aБрецина, Томас _bБ 80 |
||
| 245 | 1 | 0 |
_aТова е тайна! _bКн. 1 - _cТомас Брецина; прев. Десислава Лазарова; ил. Ролф Бунзе. _nКн. 14 _pМодната агенция |
| 257 | _aDEU | ||
| 260 | _c2004 - | ||
| 300 | _c20 см | ||
| 380 | _aDX | ||
| 500 | _aКор. опис. - Съдържа и текст на кодираните писма. | ||
| 653 | _aповести | ||
| 653 | _aлитература за деца | ||
| 653 | _aдетска литература | ||
| 700 | 1 |
_aЛазарова, Десислава _eпрев. _9364570 |
|
| 700 | 1 |
_aБунзе, Ролф _eил. _943912 |
|
| 760 | 1 |
_aБрецина, Томас _dФют, 2006 _h115 с. : с ил. _nОриг. загл. Her mit den flotten Klamotten. _tКн. 14 Модната агенция |
|
| 852 | _aЦб 218680 | ||
| 856 | 4 | _qpdf | |
| 856 | 4 | _qpdf | |
| 942 |
_cKNG _n0 _05 _s1 |
||
| 944 |
_aCR _c15.05.2007 _lф / _kГеновева_Генчева |
||
| 944 |
_aED _c10.10.2017 _lф / _kЛюдмила_Стоянова |
||
| 999 | _d70566 | ||